000 00674nam a2200229 a 4500
001 000021926
005 20200930011515.0
008 100914s2000 sp r 000 |bspa d
020 _a8420637017
040 _aDO-SdBNP
_bspa
_cBNPHU
082 _a843.914
_bC211c
100 1 _aCamus, Albert
_945504
245 1 3 _aLa caída /
_cAlbert Camus; traducción Manuel Lope.
260 _aMadrid :
_bAlianza,
_c2000.
300 _a127 p. ;
_c18 cm.
490 1 _aBiblioteca Camus
534 _aTítulo original :
_tLa chute
650 4 _aNovela francesa
_91075
650 4 _aLiteratura francesa
_91074
700 1 _aLope, Manuel,
_etr.
_945505
830 0 _aBiblioteca Camus
_945506
999 _c21424
_d21424